01609nam a22002297a 4500003000900000005001700009008004100026040002800067041000800095100003900103245025000142260005900392300003700451500003500488502015900523504005200682505035800734700005301092700003801145700002801183830016801211DO-SdBJH20250708200315.0250708b2024 dr d|||| |||| 00| 0 spa d aDO-SdBJHbspacDO-SdBJH0 aspa1 aBáez Marte, Mikhailesustentante10aPropuesta de fortalecimiento en prevención de amenazas cibernéticas en la Armada de República Dominicana :bperíodo 2025-2030 /cMikhail Báez Marte, José Patricio Hernández Valdez ; asesores Marisol Magallanes Ynoa, Osvaldo Valdez. aSanto Domingo, República Dominicana :bUNADE,c2024. axv, 191 páginas :bgráficas. aIncluye apéndice y glosario. aTesis y trabajos de grado (Especialidad en Comando y Estado Mayor Naval)--Universidad Nacional para la Defensa "General Juan Pablo Duarte y Díez", 2024. aIncluye referencias bibliográficas y anexos.  aConceptos y doctrinas relacionados con las amenazas Cibernéticas en el ámbito de las operaciones -- Características generales de la Armada de República Dominicana (ARD) y su capacidad para prevenir las amenazas de ataques cibernéticos -- Propuesta para el fortalecimiento en la prevención de amenazas cibernéticas de la Armada Dominicana.1 aHernández Valdez, José Patricioesustentante1 aMagallanes Ynoa, Marisoleasesora1 aValdez, Osvaldoeasesor aTesis y disertaciones académicas (Universidad Nacional para la Defensa "General Juan Pablo Duarte y Díez). Escuela de Graduados En Comando y Estado Mayor Naval